00537nam a22002177a 450000500170000001000110001702000100002803500110003803700160004904000120006508200170007710000170009424500880011124600060019926000370020527000110024230000200025350000200027365000080029365000180030120170124105959.0 a623388 c00.00 a623388 bCen Lib/Ret aDPLbEN a341.135bBOY aBoyd, Andrew aFifteen men on a powder keg :cby Andrew Boydbhistory of the UN security council / b  b11 New fatter lanec1971aLondon bLondon a383p.c20cm(Hb) aIncludes index  alaw aU N security